| 000 | 01770nam a2200421 a 4500 | ||
|---|---|---|---|
| 001 | ebr10488636 | ||
| 003 | CaPaEBR | ||
| 006 | m u | ||
| 007 | cr cn||||||||| | ||
| 008 | 020117s2002 ilua sb 000 0 eng d | ||
| 010 | _z 2002000853 | ||
| 020 | _z1568983360 | ||
| 020 | _z9781568983363 | ||
| 040 |
_aCaPaEBR _cCaPaEBR |
||
| 035 | _a(OCoLC)787842657 | ||
| 043 | _an-ust-- | ||
| 050 | 1 | 4 |
_aNA737.J69 _bA4 2002eb |
| 082 | 0 | 4 |
_a720/.92 _221 |
| 100 | 1 |
_aJoy, Rick, _d1958- |
|
| 245 | 1 | 0 |
_aRick Joy _h[electronic resource] : _bdesert works / _cforeword by Steven Holl ; introduction by Juhani Pallasmaa. |
| 246 | 3 | 0 | _aDesert works |
| 250 | _a1st ed. | ||
| 260 |
_aChicago : _bGraham Foundation for Advanced Studies in the Fine Arts ; _aNew York : Princeton Architectural Press, _c2002. |
||
| 300 |
_a166 p. : _bchiefly col. ill. |
||
| 490 | 1 | _aNew voices in architecture | |
| 504 | _aIncludes bibliographical references. | ||
| 505 | 0 | _aProjects -- Convent Avenue Studios -- Godat Design Studio -- Catalina House -- Tubac House -- Rubio Avenue -- Tucson Mountain House -- Casa Jax -- Pima Canyon House -- Greer Cabin. | |
| 533 |
_aElectronic reproduction. _bPalo Alto, Calif. : _cebrary, _d2013. _nAvailable via World Wide Web. _nAccess may be limited to ebrary affiliated libraries. |
||
| 600 | 1 | 0 |
_aJoy, Rick, _d1958- |
| 650 | 0 |
_aArchitecture _xArid regions _zSouthwest, New. |
|
| 650 | 0 |
_aArchitecture, Domestic _zSouthwest, New. |
|
| 655 | 7 |
_aElectronic books. _2local |
|
| 700 | 1 | _aHoll, Steven. | |
| 700 | 1 | _aPallasmaa, Juhani. | |
| 710 | 2 | _aebrary, Inc. | |
| 830 | 0 | _aNew voices in architecture. | |
| 856 | 4 | 0 |
_uhttp://site.ebrary.com/lib/rucke/Doc?id=10488636 _zAn electronic book accessible through the World Wide Web; click to view |
| 999 |
_c122955 _d122955 |
||